I wonder why pyramids were built? and other questions about ancient Egypt / (Record no. 14387)

MARC details
000 -LEADER
fixed length control field 02433nam a22003977a 4500
005 - DATE AND TIME OF LATEST TRANSACTION
control field 20080710152157.0
008 - FIXED-LENGTH DATA ELEMENTS--GENERAL INFORMATION
fixed length control field 940715s1995 nyuab j 001 0 eng
010 ## - LCCN (DPL NO)
LC control number B-270011-016
020 ## - INTERNATIONAL STANDARD BOOK NUMBER
International Standard Book Number 0753405113
Terms of availability 10312.50 (set of 24 vol.)
035 ## - SYSTEM CONTROL NUMBER
System control number B-270011-016
037 ## - SOURCE OF ACQUISITION
Stock number G-04-0021 07.05.08
040 ## - CATALOGING SOURCE
Original cataloging agency DLC
Language of cataloging EN
082 ## - DEWEY DECIMAL CLASSIFICATION NUMBER
Classification number 932
100 ## - MAIN ENTRY--PERSONAL NAME
Personal name Steele, Philip,
245 ## - TITLE STATEMENT
Title I wonder why pyramids were built? and other questions about ancient Egypt /
Statement of responsibility, etc by Philip Steele.
260 ## - PUBLICATION, DISTRIBUTION, ETC. (IMPRINT)
Place of publication, distribution, etc London
Name of publisher, distributor, etc Kingfisher
Date of publication, distribution, etc 1995.
260 ## - PUBLICATION, DISTRIBUTION, ETC. (IMPRINT)
Place of publication, distribution, etc Delhi
Name of publisher, distributor, etc Grolier International (Vendor)
Date of publication, distribution, etc 2007
300 ## - PHYSICAL DESCRIPTION
Extent 32 p. :
Other physical details col. ill., col. map ;
Dimensions 30 cm.
500 ## - GENERAL NOTE
General note Includes index.
651 ## - SUBJECT ADDED ENTRY--GEOGRAPHIC NAME
Geographic name Egypt
General subdivision Civilization
Chronological subdivision To 332 B.C.
General subdivision Juvenile literature.
651 ## - SUBJECT ADDED ENTRY--GEOGRAPHIC NAME
Geographic name Egypt
General subdivision Social life and customs
Chronological subdivision To 332 B.C.
General subdivision Juvenile literature.
651 ## - SUBJECT ADDED ENTRY--GEOGRAPHIC NAME
Geographic name Egypt
General subdivision Civilization
Chronological subdivision To 332 B.C.
830 ## - SERIES ADDED ENTRY--UNIFORM TITLE
Uniform title I wonder why (New York, N.Y.)
856 ## - ELECTRONIC LOCATION AND ACCESS
Uniform Resource Identifier <a href="http://www.loc.gov/catdir/description/hm021/94030244.html">http://www.loc.gov/catdir/description/hm021/94030244.html</a>
856 ## - ELECTRONIC LOCATION AND ACCESS
Uniform Resource Identifier <a href="http://www.loc.gov/catdir/enhancements/fy0736/94030244-b.html">http://www.loc.gov/catdir/enhancements/fy0736/94030244-b.html</a>
942 ## - ADDED ENTRY ELEMENTS (KOHA)
Source of classification or shelving scheme Dewey Decimal Classification
Item type Children Books
Classification part 932
Call number suffix STE
Holdings
Withdrawn status Lost status Damaged status Not for loan Collection code Home library Current library Date acquired Cost, normal purchase price Total Checkouts Full call number Barcode Date last seen Copy number Cost, replacement price Koha item type Source of classification or shelving scheme Source of acquisition
      Not For Loan Non-fiction Central Library Central Library 10/07/2008 10312.50   932 STE B-270011 15/09/2008 1 10312.50 Children Books    
      Not For Loan Non-fiction Jor Bagh (Children Lib) Jor Bagh (Children Lib) 10/07/2008 10312.50   932 STE B-270014 15/09/2008 1 10312.50 Children Books    
      Not For Loan Non-fiction Karol Bagh Karol Bagh 10/07/2008 10312.50   932 STE B-270015 15/09/2008 1 10312.50 Children Books    
      Not For Loan Non-fiction Patel Nagar Patel Nagar 10/07/2008 10312.50   932 STE B-270012 15/09/2008 1 10312.50 Children Books    
      Not For Loan Non-fiction Sarojini Nagar Sarojini Nagar 10/07/2008 10312.50   932 STE B-270013 15/09/2008 1 10312.50 Children Books    
        Non-fiction Shahdara Branch Shahdara Branch 10/07/2008 10312.50 5 932 STE B-270016 06/02/2023 1 10312.50 Children Books Dewey Decimal Classification  
      Not For Loan Reference Vinoba Puri Vinoba Puri 26/09/2008 10312.00   932 STE B-285158 26/09/2008 1 10312.00 Children Books Dewey Decimal Classification Grolier/G-07-0231/23.7.08/199/21.7.08/11.9.08

© Delhi Public Library
Hit Counter
free hit counter